000 01585pam a2200457 a 4500
001 72114
003 DCL
005 20241220144311.0
008 071104s2008 nyu 000 1 eng
010 _a 2007044776
020 _a9780399154881 (trade)
020 _a0399154884
035 _a(IMchF)fol11809872
040 _aDLC
_cDLC
_dICrlF
_erda
043 _an-us-wy
050 0 0 _aPS3552.O87658
_bB58 2008
082 0 4 _a813/.54
_a[Fic]
_222
092 _aF
100 1 _aBox, C. J.
_964725
245 1 0 _aBlood trail / (Joe Pickett Book 8)
_cC.J. Box.
260 _aNew York :
_bPutnam's,
_cc2008.
264 _aNew York :
_bPutnam's,
_cc2008.
300 _a301 p. ;
_c24 cm.
336 _atext
337 _aunmediated
338 _avolume
440 _aJoe Pickett :
_v Book 8.
_95814201
520 _aJoe Pickett investigates the brutal murders of elk hunters found gutted in the Rocky Mountains.
521 2 _aAdult
_bFollett Library Resources
650 0 _aPickett, Joe (Fictitious character)
_vFiction.
_95678709
650 0 _aGame wardens
_vFiction.
_95674692
650 0 _aHunters
_xCrimes against
_vFiction.
_96362718
650 7 _aPickett, Joe (Fictional character)
_vFiction.
_2sears
_96362719
650 7 _aGame protection
_vFiction.
_2sears
_95681324
650 7 _aHunters
_vFiction.
_2sears
_95746015
650 7 _aMystery fiction.
_2sears
_96297212
651 0 _aWyoming
_vFiction.
_95675113
651 7 _aWyoming
_vFiction.
_2sears
_95675113
655 7 _aMystery fiction.
_2gsafd
_96297213
942 _cBOOK
_2ddc
999 _c140108
_d140108